|
|
|
|
| LEADER |
01125nam a2200289 4500 |
| 001 |
DLU110119313 |
| 005 |
##20110405 |
| 040 |
# |
# |
|a DLU
|b vie
|
| 041 |
# |
# |
|a vie
|
| 044 |
# |
# |
|a vn
|
| 082 |
# |
# |
|a 628.161
|b NG-T
|
| 100 |
# |
# |
|a Nguyễn Thị Thắm.
|
| 245 |
# |
# |
|a Đánh giá chất lượng nước sinh hoạt tại huyện Đức Trọng - Tỉnh Lâm Đồng :
|b Tóm tắt luận văn thạc sĩ sinh học /
|c Nguyễn Thị Thắm; Đào Xuân Vinh hướng dẫn.
|
| 260 |
# |
# |
|a Đà Lạt :
|b Trường Đại học Đà lạt,
|c 2010.
|
| 300 |
# |
# |
|a 24 tr. ;
|c 21 cm.
|
| 653 |
# |
# |
|a Ô nhiễm môi trường
|a Ô nhiễm nước
|a Chất lượng nước
|a Nước sinh hoạt
|a Đánh giá chất lượng
|a Đánh giá tác động môi trường
|
| 700 |
# |
# |
|a Đào Xuân Vinh,
|c PGS.TS,
|e hướng dẫn.
|
| 915 |
# |
# |
|a Sinh thái học
|b 604260
|c Thạc sĩ
|d Trường Đại học Đà lạt
|e Bộ Giáo dục và Đào tạo
|
| 992 |
# |
# |
|a 0
|
| 994 |
# |
# |
|a DLU
|
| 900 |
# |
# |
|a True
|
| 911 |
# |
# |
|a Đào Thị Thu Huyền
|
| 925 |
# |
# |
|a G
|
| 926 |
# |
# |
|a A
|
| 927 |
# |
# |
|a LA
|
| 980 |
# |
# |
|a Thư viện Trường Đại học Đà Lạt
|